|
|
|
|
| LEADER |
02124nam a22005175i 4500 |
| 001 |
978-1-137-44427-1 |
| 003 |
DE-He213 |
| 005 |
20160406151735.0 |
| 007 |
cr nn 008mamaa |
| 008 |
160201s2016 xxu| s |||| 0|eng d |
| 020 |
|
|
|a 9781137444271
|9 978-1-137-44427-1
|
| 024 |
7 |
|
|a 10.1057/9781137444271
|2 doi
|
| 040 |
|
|
|d GrThAP
|
| 050 |
|
4 |
|a HF5549-5549.5
|
| 072 |
|
7 |
|a KJMV2
|2 bicssc
|
| 072 |
|
7 |
|a BUS030000
|2 bisacsh
|
| 082 |
0 |
4 |
|a 658.3
|2 23
|
| 100 |
1 |
|
|a Ransburg, David.
|e author.
|
| 245 |
1 |
0 |
|a Human Resources in the Family Business
|h [electronic resource] :
|b Maximizing the Power of Your People /
|c by David Ransburg, Wendy Sage-Hayward, Amy M. Schuman.
|
| 264 |
|
1 |
|a New York :
|b Palgrave Macmillan US :
|b Imprint: Palgrave Macmillan,
|c 2016.
|
| 300 |
|
|
|a XX, 219 p.
|b online resource.
|
| 336 |
|
|
|a text
|b txt
|2 rdacontent
|
| 337 |
|
|
|a computer
|b c
|2 rdamedia
|
| 338 |
|
|
|a online resource
|b cr
|2 rdacarrier
|
| 347 |
|
|
|a text file
|b PDF
|2 rda
|
| 490 |
1 |
|
|a A Family Business Publication
|
| 520 |
|
|
|a This book will help HR managers and founders/owners develop a formal process within the company and also provide insights from family firms on how to manage sensitive topics ranging from family member compensation; family member appraisal, etc., and serves as a guide to HR managers struggling to get a "seat at the table" in family firms.
|
| 650 |
|
0 |
|a Business.
|
| 650 |
|
0 |
|a Small business.
|
| 650 |
|
0 |
|a Family-owned business enterprises.
|
| 650 |
|
0 |
|a Personnel management.
|
| 650 |
|
0 |
|a Office management.
|
| 650 |
1 |
4 |
|a Business and Management.
|
| 650 |
2 |
4 |
|a Human Resource Management.
|
| 650 |
2 |
4 |
|a Small Business.
|
| 650 |
2 |
4 |
|a Family Business.
|
| 650 |
2 |
4 |
|a Office Management.
|
| 700 |
1 |
|
|a Sage-Hayward, Wendy.
|e author.
|
| 700 |
1 |
|
|a Schuman, Amy M.
|e author.
|
| 710 |
2 |
|
|a SpringerLink (Online service)
|
| 773 |
0 |
|
|t Springer eBooks
|
| 776 |
0 |
8 |
|i Printed edition:
|z 9781349563098
|
| 830 |
|
0 |
|a A Family Business Publication
|
| 856 |
4 |
0 |
|u http://dx.doi.org/10.1057/9781137444271
|z Full Text via HEAL-Link
|
| 912 |
|
|
|a ZDB-2-BUM
|
| 950 |
|
|
|a Business and Management (Springer-41169)
|